01329nam a22003257a 4500003000400000005001700004008004100021040002200062082001800084100003000102245003000132260006000162300002100222366000800243490003100251505009500282505004200377505001200419650006000431650005200491650005300543650004300596650004500639650005600684650004700740700003600787942002900823999001500852952013600867OSt20230608140637.0221006b |||||||| |||| 00| 0 eng d cBiblioteca Lado V a709.05bG851a 9855aGriffin, Timeeditor aArtforum/bInternacional/ aNew Yorkc2006bNew York editorial and business offices c26.5x27cma340p. espa aDiciembrev2006x0864-1315 tCOLUMNSaFilm: Best of 2006 Music: Best of 2006 Books: Best of 2006 The Artists Artists tFeaturesaOn the Ground Best of 2006 tReviews 2Tesauro de Arte & ArquitecturaaARTE COMTEMPORANEO9703 2Tesauro de Arte & ArquitecturaaFOTOGRAFIA9702 2Tesauro de Arte & ArquitecturaaARTE VISUAL9702 2Tesauro de Arte & ArquitecturaaLIBROS 2Tesauro de Arte & ArquitecturaaNOTICIAS 2 Tesauro de Arte & ArquitecturaaARTE INTERNACIONAL 2 Tesauro de Arte & ArquitecturaaESCULTURA aNavarreta, Jose Antonioeeditor 2ddcc1h709.05iG851an0 c3835d3835 00102ddc3200640708RevistasaLVbLVd2023-06-08hDiciembrei002545l0o709.05 G851ap002545r2023-06-08 00:00:00w2023-06-08y1